[Event "V Festival Magistrale"]
[Site "Varallo Sesia ITA"]
[Date "1993.07.??"]
[Round "?"]
[White "Mitkov, Nikola"]
[Black "Ubezio, Marco"]
[Result "0-1"]
[WhiteElo "2495"]
[BlackElo "2200"]
[PlyCount "70"]
[EventDate "1993.07.23"]

1. e4 c5 2. Nc3 Nc6 3. Nf3 e5 4. Bc4 Be7 5. O-O Nf6 6. d3 O-O 7. Nd5 d6 8. Ne1
Be6 9. a3 Nd7 10. c3 Kh8 11. Qh5 Bf6 12. Qe2 Ne7 13. f4 Bxd5 14. exd5 exf4 15.
Bxf4 Ne5 16. Ba2 N7g6 17. Bg3 Bh4 18. Rf5 Bxg3 19. hxg3 Qd7 20. Qe4 Rae8 21. b4
b6 22. Nc2 Ne7 23. Rh5 g6 24. Rh4 f5 25. Qe3 f4 26. Rxf4 Nf5 27. Qd2 Nxg3 28.
Re1 Ng4 29. Re6 Rxf4 30. Qxf4 Qxe6 31. Qxg3 Qe2 32. Qf3 Qxc2 33. Qxg4 Qxa2 34.
Qd7 Qa1+ 35. Kh2 Qe1 0-1